| 000 -LEADER |
| fixed length control field |
00595cam a22001577a 4500 |
| 008 - FIXED-LENGTH DATA ELEMENTS--GENERAL INFORMATION |
| fixed length control field |
180718b2009 xxu||||| |||| 00| 0 eng d |
| 020 ## - INTERNATIONAL STANDARD BOOK NUMBER |
| International Standard Book Number |
0198060246 |
| 082 ## - DEWEY DECIMAL CLASSIFICATION NUMBER |
| Classification number |
P42x54 P22 |
| 245 ## - TITLE STATEMENT |
| Title |
Concerns, conflicts, and cohesions: universalization of elementary education in India |
| Statement of responsibility, etc. |
edited by Preet Rustagi |
| 260 ## - PUBLICATION, DISTRIBUTION, ETC. |
| Place of publication, distribution, etc. |
Oxford University Press |
| Name of publisher, distributor, etc. |
New Delhi |
| Date of publication, distribution, etc. |
2009 |
| 300 ## - PHYSICAL DESCRIPTION |
| Extent |
350p. |
| 650 ## - SUBJECT ADDED ENTRY--TOPICAL TERM |
| Topical term or geographic name entry element |
Education, Elementary --Government policy --India --Congresses |
| 650 ## - SUBJECT ADDED ENTRY--TOPICAL TERM |
| Topical term or geographic name entry element |
Inclusive education --India --Congresses |
| 650 ## - SUBJECT ADDED ENTRY--TOPICAL TERM |
| Topical term or geographic name entry element |
Education, Elementary --India --Congresses |
| 700 ## - ADDED ENTRY--PERSONAL NAME |
| Personal name |
Rustagi, Preet |